Juego de la guerra naval / (Record no. 84446)

MARC details
000 -LEADER
campo de control de longitud fija 00535nam a2200157 i 4500
001 - NÚMERO DE CONTROL
campo de control 84446
003 - IDENTIFICADOR DE NÚMERO DE CONTROL
campo de control ES-MaACL
007 - CAMPO FIJO DE DESCRIPCIÓN FÍSICA--INFORMACIÓN GENERAL
campo de control de longitud fija t|
008 - DATOS DE LONGITUD FIJA--INFORMACIÓN GENERAL
campo de control de longitud fija 041122s1912 sp ||||1| spa d
100 1# - ENTRADA PRINCIPAL--NOMBRE DE PERSONA
Nombre de persona Jane, Fred T.
9 (RLIN) 65999
245 10 - MENCIÓN DEL TÍTULO
Título Juego de la guerra naval /
Mención de responsabilidad, etc. inventado por Fred T. Jane ; y traducido de la última edición inglesa por Jaime Javier Robinson.
260 ## - PUBLICACIÓN, DISTRIBUCIÓN, ETC.
Lugar de publicación, distribución, etc. [Madrid :
Nombre del editor, distribuidor, etc. s.n.,
Fecha de publicación, distribución, etc. 1912] (
Fabricante Imp. del Ministerio de la Guerra)
300 ## - DESCRIPCIÓN FÍSICA
Extensión 84 p. ;
Dimensiones 22 cm.
700 1# - ENTRADA AGREGADA--NOMBRE PERSONAL
Nombre de persona Janer Robinson, Jaime.
9 (RLIN) 66008
852 ## - LOCALIZACIÓN
Ubicación ES-MaACL
Número de control de estantería G-14140
Holdings
Estatus retirado Estado de pérdida Estado de daño No para préstamo Biblioteca de origen Biblioteca actual Ubicación en estantería Fecha de adquisición Fuente de adquisición Total de préstamos Signatura topográfica completa Código de barras Visto por última vez Precio de reemplazo Tipo de ítem Koha
        Biblioteca del Ateneo de Madrid Biblioteca del Ateneo de Madrid Sala Pecera Planta 3 17/01/2008     G-14140 1088249 23/02/2023 23/02/2023 Libro impreso